MARC details
| 000 -LEADER |
| fixed length control field |
01077cam a2200361 i 4500 |
| 001 - CONTROL NUMBER |
| control field |
200468108 |
| 003 - CONTROL NUMBER IDENTIFIER |
| control field |
TR-AnTOB |
| 005 - DATE AND TIME OF LATEST TRANSACTION |
| control field |
20260414140551.0 |
| 007 - PHYSICAL DESCRIPTION FIXED FIELD--GENERAL INFORMATION |
| fixed length control field |
ta |
| 008 - FIXED-LENGTH DATA ELEMENTS--GENERAL INFORMATION |
| fixed length control field |
260414t19851984enk 000 1 eng |
| 010 ## - LIBRARY OF CONGRESS CONTROL NUMBER |
| LC control number |
85138202 |
| 020 ## - INTERNATIONAL STANDARD BOOK NUMBER |
| International Standard Book Number |
0224022830 |
| Qualifying information |
(hardback) |
|
| International Standard Book Number |
9780224022835 |
| 035 ## - SYSTEM CONTROL NUMBER |
| System control number |
4756374 |
|
| System control number |
(TR-AnTOB)200468108 |
| 040 ## - CATALOGING SOURCE |
| Original cataloging agency |
DLC |
| Language of cataloging |
eng |
| Description conventions |
rda |
| Transcribing agency |
DLC |
| Modifying agency |
DLC |
| -- |
TR-AnTOB |
| 041 0# - LANGUAGE CODE |
| Language code of text/sound track or separate title |
İngilizce |
| 050 00 - LIBRARY OF CONGRESS CALL NUMBER |
| Classification number |
PS3566.Y55 |
| Item number |
S5 1985 |
| 090 ## - LOCALLY ASSIGNED LC-TYPE CALL NUMBER (OCLC); LOCAL CALL NUMBER (RLIN) |
| Classification number (OCLC) (R) ; Classification number, CALL (RLIN) (NR) |
PS3566.Y55 |
| Local cutter number (OCLC) ; Book number/undivided call number, CALL (RLIN) |
S5 1985 |
| 100 1# - MAIN ENTRY--PERSONAL NAME |
| Personal name |
Pynchon, Thomas |
| Relator term |
author |
| Relator code |
aut |
| 9 (RLIN) |
153650 |
| 245 10 - TITLE STATEMENT |
| Title |
Slow learner : |
| Remainder of title |
early stories / |
| Statement of responsibility, etc. |
Thomas Pynchon. |
| 264 #1 - PRODUCTION, PUBLICATION, DISTRIBUTION, MANUFACTURE, AND COPYRIGHT NOTICE |
| Place of production, publication, distribution, manufacture |
London : |
| Name of producer, publisher, distributor, manufacturer |
Jonathan Cape, |
| Date of production, publication, distribution, manufacture, or copyright notice |
1985. |
|
| Date of production, publication, distribution, manufacture, or copyright notice |
©1984 |
| 300 ## - PHYSICAL DESCRIPTION |
| Extent |
193 pages ; |
| Dimensions |
23 cm |
| 336 ## - CONTENT TYPE |
| Content type term |
text |
| Content type code |
txt |
| Source |
rdacontent |
| 337 ## - MEDIA TYPE |
| Media type term |
unmediated |
| Media type code |
n |
| Source |
rdamedia |
| 338 ## - CARRIER TYPE |
| Carrier type term |
volume |
| Carrier type code |
nc |
| Source |
rdacarrier |
| 505 0# - FORMATTED CONTENTS NOTE |
| Formatted contents note |
Introduction -- The small rain -- Low-lands -- Entropy -- Under the rose -- The secret integration. |
| 655 #7 - INDEX TERM--GENRE/FORM |
| Genre/form data or focus term |
Fiction |
| Source of term |
lcgft |
| 9 (RLIN) |
151487 |
| 942 ## - ADDED ENTRY ELEMENTS (KOHA) |
| Source of classification or shelving scheme |
Library of Congress Classification |
| Koha item type |
Book |